ბათუმის შოთა რუსთაველის სახელმწიფო უნივერსიტეტის ბიბლიოთეკა

Спорт в античном Херсонесе / (ბიბ.ჩანაწერი № 61457)

000 -LEADER
fixed length control field 00617nam a22001697a 4500
005 - DATE AND TIME OF LATEST TRANSACTION
control field 20240315130009.0
008 - FIXED-LENGTH DATA ELEMENTS--GENERAL INFORMATION
fixed length control field 240315s1964 ru ||||| |||| 00| 0 rus d
041 ## - LANGUAGE CODE
Language code of text/sound track or separate title rus
080 ## - UNIVERSAL DECIMAL CLASSIFICATION NUMBER
Universal Decimal Classification number 796 K-60
100 ## - MAIN ENTRY--PERSONAL NAME
Personal name Колесникова, Л. Г.
9 (RLIN) 21438
245 ## - TITLE STATEMENT
Title Спорт в античном Херсонесе /
Statement of responsibility, etc. Л. Г. Колесникова.
264 ## - PRODUCTION, PUBLICATION, DISTRIBUTION, MANUFACTURE, AND COPYRIGHT NOTICE
Place of production, publication, distribution, manufacture Ленинград ; Москва :
Name of producer, publisher, distributor, manufacturer Советский художник,
Date of production, publication, distribution, manufacture, or copyright notice 1964.
300 ## - PHYSICAL DESCRIPTION
Extent 25 c. :
Other physical details ил. ;
Dimensions 17 см.
653 ## - INDEX TERM--UNCONTROLLED
keyword სპორტი
653 ## - INDEX TERM--UNCONTROLLED
keyword უძველესი ისტორია
942 ## - ADDED ENTRY ELEMENTS (KOHA)
Source of classification or shelving scheme
Koha item type წიგნი
ეგზემპლარები
Withdrawn status Lost status Source of classification or shelving scheme Damaged status Not for loan Permanent Location Current Location Shelving location Date acquired Cost, normal purchase price Full call number Barcode Date last seen Copy number Uniform Resource Identifier Price effective from Koha item type Public note
          ბათუმის შოთა რუსთაველის სახელმწიფო უნივერსიტეტის მთავარი ბიბლიოთეკა ბათუმის შოთა რუსთაველის სახელმწიფო უნივერსიტეტის მთავარი ბიბლიოთეკა წიგნსაცავი 2024-03-15 5.00 796 K-60 65813 2024-03-15 65813 ბსუ-ს საპატიო დოქტორის გურამ ლორთქიფანიძის საჩუქარი 2024-03-15 წიგნი 5 ლ.